000 00540nam a22001937a 4500
003 PILC
005 20160115101959.0
008 130919t xxu||||| |||| 00| 0 eng d
020 _a9780439912501
050 _aPZ 7
_b.W539 2007
082 _aFIC
_bW37 2007
100 _aWeyn, Suzanne
_94629
245 _aMr. magnorium wonder emporium :
_bmagical movie novel
_cSuzanne Weyn
260 _aNew York :
_bScholastic,
_cc2007.
300 _a126 p. :
_bill. ;
_c20 cm.
650 _aFiction.
_9746
942 _2lcc
_cBK
999 _c11678
_d11678